Music Quiz

Random Music or Lyrics Quiz

Songs with Names Quiz Stats

 Plays Quiz not verified by Sporcle

Score 0/45 Timer 10:00
0 Plays Today
Song % Correct
Lady Gaga
“Alejandro”
Alejandro
75.4%
John Cougar
“Jack & Diane”
Jack
73.9%
John Cougar
“Jack & Diane”
Diane
71.6%
Simon and Garfunkel
“Mrs. Robinson”
Mrs. Robinson
68.7%
Bob Dylan
“Hurricane”
Rubin “Hurricane” Carter
59%
Simon and Garfunkel
“Mrs. Robinson”
“Joltin’” Joe DiMaggio
52.2%
David Bowie
“Space Oddity”
Major Tom
50.7%
Lou Bega
“Mambo Number 5”
Pamela
49.3%
Lou Bega
“Mambo Number 5”
Monica
48.5%
Arlo Guthrie
“Alice's Restaurant Massacree”
Alice
48.5%
Lou Bega
“Mambo Number 5”
Erica
47.8%
The Beatles
“Sgt. Pepper's Lonely Hearts Club Band”
Sgt. Pepper
47.8%
Lou Bega
“Mambo Number 5”
Rita
46.3%
Paul Simon
“50 Ways to Leave Your Lover”
Lee
46.3%
Lady Gaga
“Alejandro”
Fernando
43.3%
Lou Bega
“Mambo Number 5”
Angela
43.3%
The Beatles
“Maxwell's Silver Hammer”
Joan
43.3%
Lady Gaga
“Alejandro”
Roberto
41.8%
Lou Bega
“Mambo Number 5”
Sandra
40.3%
Paul Simon
“50 Ways to Leave Your Lover”
Jack
40.3%
Bob Dylan
“Hurricane”
Arthur Dexter Bradley
39.6%
The Beatles
“Maxwell's Silver Hammer”
Valerie
38.8%
Paul Simon
“50 Ways to Leave Your Lover”
Stan
33.6%
Song % Correct
Paul Simon
“50 Ways to Leave Your Lover”
Roy
32.1%
The Beatles
“Sgt. Pepper's Lonely Hearts Club Band”
Billy Shears
30.6%
Bob Dylan
“Hurricane”
Alfred Bello
29.1%
Billy Joel
“Scenes from an Italian Restaurant”
Eddie
25.4%
Billy Joel
“Scenes from an Italian Restaurant”
Brenda
24.6%
The Beatles
“Maxwell's Silver Hammer”
Maxwell Edison
23.1%
Paul Simon
“50 Ways to Leave Your Lover”
Gus
22.4%
The Beatles
“Rocky Raccoon”
Rocky Raccoon
21.6%
Bruce Springsteen
“Born to Run”
Wendy
21.6%
Simon and Garfunkel
“Mrs. Robinson”
Jesus
20.9%
The Beatles
“Rocky Raccoon”
Gideon
18.7%
The Who
“Baba O'Riley”
Sally
18.7%
The Beatles
“Rocky Raccoon”
Dan
15.7%
Bob Dylan
“Hurricane”
Patty Valentine
14.9%
John Cougar
“Jack & Diane”
James Dean
14.9%
Lou Bega
“Mambo Number 5”
Mary
13.4%
The Beatles
“Maxwell's Silver Hammer”
Rose
11.2%
Lou Bega
“Mambo Number 5”
Tina
10.4%
The Beatles
“Rocky Raccoon”
Lil “Nancy” McGill
10.4%
Arlo Guthrie
“Alice's Restaurant Massacree”
Officer Obie
8.2%
Arlo Guthrie
“Alice's Restaurant Massacree”
Ray
8.2%
Lou Bega
“Mambo Number 5”
Jessica
7.5%

You're not logged in!

Compare scores with friends on all Sporcle quizzes.
OR
Log In

Show Comments

Extras

Top Quizzes Today


Score Distribution

Your Account Isn't Verified!

In order to create a playlist on Sporcle, you need to verify the email address you used during registration. Go to your Sporcle Settings to finish the process.

Report this User

Report this user for behavior that violates our Community Guidelines.

Details: